000 00535nam a2200205Ia 4500
008 230125s9999 xx 000 0 und d
041 _aeng
082 _a658.15
_bSUJ
100 _aSujatha B, Ed.
_9108793
245 _aCredit Card Frauds : An Introduction
250 _a1st Ed.
260 _c2007
_bICFAI publication
_aHyderabad
300 _a243p
440 _aICFAI
500 _acredit card frauds
650 _aFinancial Economics
700 _aSujatha B, Ed. & ICFAI
_9108794
906 _b127
999 _c85550
_d85550